Nacimiento del teatro francés /

Guardado en:
Autor Principal: Verdevoye, Paul
Formato: Libro
Publicado: Santa Fe : Universidad Naciónal del Litoral/instituto Social, 1954
Materias:
Etiquetas: Agregar Etiqueta
Sin Etiquetas, Sea el primero en etiquetar este registro!
LEADER 00546nam a22001935a 4500
001 CEM.cems006525
005 20060214000000.0
008 130507s1954##################000#0#####d
003 CEMS
082 0 4 |a 842 
100 1 |a Verdevoye, Paul 
245 1 0 |a Nacimiento del teatro francés / 
260 |a Santa Fe :  |b Universidad Naciónal del Litoral/instituto Social,  |c 1954 
300 |a 36 p. 
653 |a Literatura 
653 |a Teatro 
653 |a Teatro frances 
653 |a Teatro medieval 
859 |a CEMS  |b BIB. CEMS - 11 de abril  |h 842  |i V583  |p 9620.81  |t Ej.1